000 00551nam a2200217Ia 4500
003 OSt
005 20220924143038.0
006 a|||||r|||| 00| 0
007 ta
008 220923b |||||||| |||| 00| 0 ori d
024 _a304500
037 _cTextual
040 _aARTS
_cARTS
_bORI
041 _2ORI
_aORI
082 _aa14:31591, 1591K6.2
100 _aKeshatan
_9214665
245 0 _aJayiya graniha suchi 1960-61
260 _c1966
942 _ha14:31591, 1591K6.2
_cTEXL
_2CC
999 _c452999
_d452999